Alle Tiernamen, die mit "See-" beginnen - Statistiken

Allgemein
  • Dieses Quiz wurde 257 mal gespielt
    242 seit der letzten Aktualisierung
  • Das Durchschnittsergebnis liegt bei 9 aus 24
Antwortstatistiken
Bezeichnung % Korrekt
Seelöwe
83%
Seehund
81%
Seepferdchen
79%
Seekuh
69%
Seestern
65%
Seeigel
63%
Seebär
60%
Seeadler
49%
See-Elefant
48%
Seegurke
41%
Seekatze
36%
Seeotter
32%
Seeanemone
30%
Seeschlange
30%
Seeleopard
28%
Seebarsch
16%
Seezunge
15%
Seehase
13%
Seehecht
13%
Seeschwalbe
13%
Seeteufel
13%
Seewolf
13%
Seepocke
9%
Seewespe
2%
Keine übereinstimmenden Quizze gefunden
Verteilung der Resultate
Anzahl Personen mit jedem Resultat
Perzentil nach korrekt beantworteten Fragen
Ihre Resultats-Entwicklung
Sie haben dieses Quiz seit der letzten Aktualisierung nicht gespielt